000 01162cam a2200301 u 4500
001 25425
003 BD-RjUL
005 20211209050858.0
008 140318s1957 caua b 000 0 eng
035 _a(BD-RjUL)25495
040 _aADFA
_beng
_dANL
_dBD-RjUL
_cANL
041 _aeng
082 0 4 _a327.47094
_bEUS 1967
100 1 _aEudin, Xenia Joukoff.
_978177
245 1 0 _aSoviet Russia and the West, 1920-1927 :
_ba documentary survey /
_cby Xenia Joukoff Eudin and Harold H. Fisher in collaboration with Rosemary Brown Jones.
260 _aStanford, Calif. :
_bStanford University Press,
_cc1957 [Printing 1967].
300 _axxxvii, 450 p :
_bill. ;
_c24 cm.
490 1 _aPublication / The Hoover Library on War, Revolution, and Peace ;
_vno. 26
504 _aBibliography: p. 419-442.
651 0 _aSoviet Union
_xForeign relations
_zEurope.
_978178
651 0 _aEurope
_xPolitics and government
_y1918-1945.
_96674
830 0 _vno. 26
_978182
700 1 _aFisher, Harold Henry,
_d1890-
_978180
830 0 _aPublication (Hoover Library on War, Revolution, and Peace) ;
_978183
942 _2ddc
_cBK
999 _c25425
_d25425